000 00545nam a22001697a 4500
003 NUST
038 _aNusrat Nadeem
082 _a200
100 _aNazir, Farzana
_9123517
245 _aHybrid Biopolymer Nanocomposites for Tissue Engineering Applications/
_cFarzana Nazir
264 _aIslamabad;
_bSNS NUST;
_c2022.
300 _a234,p;
_bill;
_c30,cm.
650 _aPhD- Chemistry
_9123166
700 _aSupervisor:Supervisor: Dr. Mudassir Iqbal
_9123518
856 _uhttp://10.250.8.41:8080/xmlui/handle/123456789/28942
942 _2ddc
_cSC
999 _c609690
_d609690